Normal view
MARC view
- قانون مدني -- حقوق عينية
Entry Topical Term
001 - CONTROL NUMBER
- control field: 44708
003 - CONTROL NUMBER IDENTIFIER
- control field: JO-AjAnu
005 - DATE AND TIME OF LATEST TRANSACTION
- control field: 20230606081412.0
008 - FIXED-LENGTH DATA ELEMENTS
- fixed length control field: 230606|| aca||aabn | a|a d
040 ## - CATALOGING SOURCE
- Original cataloging agency: JO-AjAnu
- Transcribing agency: JO-AjAnu
150 ## - HEADING--TOPICAL TERM
- Topical term or geographic name entry element: قانون مدني -- حقوق عينية
670 ## - SOURCE DATA FOUND
- Source citation: Work cat.: (JO-AjAnu)22892: علم الدين، محي الدين اسماعيل , author 44707, أصول القانون المدني / الحقوق العينية " الأصلية والتبعية "